[Event "BRA-ch (Women) 62nd"]
[Site "Timbo"]
[Date "2023.10.29"]
[Round "2"]
[White "Schultz, Rauanda"]
[Black "Nunes, Agatha Hurba"]
[Result "1-0"]
[WhiteElo "1634"]
[BlackElo "1837"]
[PlyCount "87"]
[EventDate "2023.10.29"]
[EventType "swiss"]
[EventRounds "9"]
[EventCountry "BRA"]
[SourceTitle "Mega2024 Update 01"]
[Source "Chessbase"]
[SourceDate "2023.11.12"]
[SourceVersion "1"]
[SourceVersionDate "2023.11.12"]
[SourceQuality "1"]

1. c4 e6 2. Nf3 d5 3. g3 Nf6 4. Bg2 d4 5. 0-0 Nc6 6. e3 e5 7. exd4 exd4 8. Re1+ Be7 9. d3 0-0 10. a3 a5 11. Nbd2 Re8 12. Ne5 Nxe5 13. Rxe5 Bd6 14. Rxe8+ Qxe8 15. Ne4 Nxe4 16. Bxe4 c6 17. Bd2 f5 18. Bg2 f4 19. Qf3 fxg3 20. fxg3 Qg6 21. Rf1 Bg4 22. Qe4 Qh5 23. Bf3 Bxf3 24. Qe6+ Kh8 25. Qxd6 h6 26. Qxd4 c5 27. Qd7 Bc6 28. Qf5 Qe2 29. Qf2 Qxd3 30. Bxh6 Qg6 31. Bxg7+ Kxg7 32. Qxc5 a4 33. Rf5 Qe6 34. Qd4+ Kh7 35. Qh4+ Kg7 36. Qg4+ Qg6 37. Rg5 Qxg5 38. Qxg5+ Kf7 39. h4 Rg8 40. Qf4+ Ke8 41. h5 Rf8 42. Qe5+ Kd7 43. h6 Re8 44. Qxe8+ 1-0

[Event "BRA-ch U26 (Women)"]
[Site "Joinville"]
[Date "2023.10.10"]
[Round "3"]
[White "Nunes, Agatha Hurba"]
[Black "Brand, Leticia Soethe"]
[Result "1-0"]
[WhiteElo "1837"]
[BlackElo "1645"]
[PlyCount "85"]
[EventDate "2023.10.09"]
[EventType "swiss"]
[EventRounds "6"]
[EventCountry "BRA"]
[SourceTitle "Mega2024 Update 01"]
[Source "Chessbase"]
[SourceDate "2023.11.12"]
[SourceVersion "1"]
[SourceVersionDate "2023.11.12"]
[SourceQuality "1"]

1. d4 d5 2. c4 e6 3. cxd5 exd5 4. Nc3 h6 5. Bf4 Nf6 6. e3 Bd6 7. Bxd6 Qxd6 8. Nf3 Bf5 9. Bd3 Bxd3 10. Qxd3 c6 11. 0-0 0-0 12. a3 Nbd7 13. b4 a6 14. Na4 Qe7 15. Nc5 Nb6 16. Nd2 Ne8 17. a4 Nd6 18. a5 Nbc4 19. Nxc4 Nxc4 20. e4 Rfe8 21. e5 Reb8 22. f4 b6 23. axb6 Rxb6 24. Qc3 Qa7 25. f5 a5 26. bxa5 Nxa5 27. Ra4 Rb5 28. f6 g6 29. e6 Re8 30. Rfa1 Ra8 31. e7 Qb6 32. Qe1 Re8 33. Rxa5 Qc7 34. Ra8 Rbb8 35. Rxb8 Qxb8 36. Rb1 Qf4 37. Qf2 Qg4 38. Re1 g5 39. h3 Qh5 40. Nb7 g4 41. Nd6 gxh3 42. Qg3+ Qg5 43. Qxg5+ 1-0

[Event "BRA-ch U26 (Women)"]
[Site "Joinville"]
[Date "2023.10.09"]
[Round "1"]
[White "Nunes, Agatha Hurba"]
[Black "Oliveira De Melo, Beatriz C"]
[Result "1-0"]
[WhiteElo "1837"]
[BlackElo "1800"]
[PlyCount "71"]
[EventDate "2023.10.09"]
[EventType "swiss"]
[EventRounds "6"]
[EventCountry "BRA"]
[SourceTitle "Mega2024 Update 01"]
[Source "Chessbase"]
[SourceDate "2023.11.12"]
[SourceVersion "1"]
[SourceVersionDate "2023.11.12"]
[SourceQuality "1"]

1. d4 d5 2. c4 e6 3. cxd5 exd5 4. Nc3 Nf6 5. Bg5 Be6 6. e3 Bb4 7. Bd3 h6 8. Bh4 0-0 9. Nge2 Nbd7 10. 0-0 c6 11. Rc1 Qb6 12. Na4 Qa5 13. a3 Bd6 14. b4 Qc7 15. Bg3 a6 16. Nf4 Rae8 17. Nc5 Nxc5 18. bxc5 Bxf4 19. Bxf4 Qa5 20. Bd6 Qxa3 21. Qc2 Qa5 22. Rb1 Rb8 23. Bxf8 Kxf8 24. Rb2 Qc7 25. Rfb1 a5 26. Ra1 Ra8 27. Qb1 Ra7 28. Qe1 Ng4 29. g3 Nf6 30. f3 h5 31. Rba2 b6 32. cxb6 Qxb6 33. Rxa5 Rxa5 34. Qxa5 Qb3 35. Qc5+ Kg8 36. Ra8+ 1-0

[Event "Florianopolis op-A"]
[Site "Florianopolis"]
[Date "2023.09.23"]
[Round "4"]
[White "Nunes, Agatha Hurba"]
[Black "Cordeiro, Marco Aurelio Zaror"]
[Result "0-1"]
[WhiteElo "1845"]
[BlackElo "2097"]
[PlyCount "64"]
[EventDate "2023.09.22"]
[EventType "swiss"]
[EventRounds "6"]
[EventCountry "BRA"]
[SourceTitle "EXT 2024"]
[Source "ChessBase"]
[SourceDate "2023.10.10"]
[SourceVersion "1"]
[SourceVersionDate "2023.10.10"]
[SourceQuality "1"]

1. d4 Nf6 2. c4 g6 3. Nc3 d5 4. cxd5 Nxd5 5. e4 Nxc3 6. bxc3 Bg7 7. Bc4 c5 8. Ne2 Nc6 9. Be3 cxd4 10. cxd4 Qa5+ 11. Bd2 Qa3 12. Bc3 0-0 13. 0-0 Rd8 14. Qd2 e6 15. Qg5 h6 16. Qe3 b6 17. f4 Nxd4 18. Rac1 Nxe2+ 19. Bxe2 Bb7 20. Rf3 Rac8 21. Rg3 Bd4 22. Bxd4 Qxc1+ 23. Kf2 Qxe3+ 24. Kxe3 Rc2 25. Bf6 Rdd2 26. Bf3 Rxa2 27. h4 Ba6 28. f5 exf5 29. Kf4 fxe4 30. Bxe4 Ra4 31. Re3 Rf2+ 32. Ke5 Rxe4+ 0-1

[Event "Florianopolis op 9th"]
[Site "Florianopolis"]
[Date "2023.01.27"]
[Round "7"]
[White "Delgado, Lidio Dias"]
[Black "Nunes, Agatha Hurba"]
[Result "1-0"]
[WhiteElo "2150"]
[BlackElo "1823"]
[PlyCount "95"]
[EventDate "2023.01.23"]
[EventType "swiss"]
[EventRounds "10"]
[EventCountry "BRA"]
[SourceTitle "CBM 212 Extra"]
[Source "ChessBase"]
[SourceDate "2023.03.31"]
[SourceVersion "1"]
[SourceVersionDate "2023.03.31"]
[SourceQuality "1"]

1. d4 Nf6 2. Nf3 e6 3. c4 d5 4. g3 c6 5. Qc2 dxc4 6. Qxc4 b5 7. Qc2 Bb7 8. Bg2 Nbd7 9. 0-0 Be7 10. Nc3 0-0 11. Rd1 Qb6 12. Bg5 h6 13. Bh4 g5 14. Bxg5 hxg5 15. Nxg5 Kg7 16. e4 Rh8 17. Qe2 e5 18. Nf3 Ng4 19. h3 b4 20. Na4 Qa5 21. b3 Ngf6 22. Rac1 Rae8 23. dxe5 Nxe5 24. Nd4 Kf8 25. f4 Ba6 26. Qc2 Nd3 27. Rxd3 Bxd3 28. Qxd3 Rd8 29. Qe3 Qh5 30. Ne2 Qb5 31. Nd4 Qh5 32. Nxc6 Rd1+ 33. Kf2 Rxc1 34. Qxc1 Nd7 35. e5 Qg6 36. Nd4 Qa6 37. Nf5 Nb6 38. Qc7 Nc8 39. Bb7 Qd3 40. Qxc8+ Bd8 41. Bg2 Rh5 42. Nd6 Qd4+ 43. Ke2 Rxe5+ 44. fxe5 Qxe5+ 45. Ne4 Qb5+ 46. Kf2 Qd3 47. Kg1 Kg7 48. Kh2 1-0

[Event "Florianopolis op 9th"]
[Site "Florianopolis"]
[Date "2023.01.24"]
[Round "3"]
[White "Nunes, Agatha Hurba"]
[Black "Rey, Antonio"]
[Result "1-0"]
[WhiteElo "1823"]
[BlackElo "1434"]
[PlyCount "63"]
[EventDate "2023.01.23"]
[EventType "swiss"]
[EventRounds "10"]
[EventCountry "BRA"]
[SourceTitle "CBM 212 Extra"]
[Source "ChessBase"]
[SourceDate "2023.03.31"]
[SourceVersion "1"]
[SourceVersionDate "2023.03.31"]
[SourceQuality "1"]

1. d4 d5 2. c4 e6 3. cxd5 exd5 4. Nc3 Nf6 5. Bg5 Be7 6. e3 0-0 7. Bd3 Nbd7 8. Nge2 b6 9. 0-0 Bb7 10. Rc1 h6 11. Bh4 c5 12. dxc5 Nxc5 13. Bb1 Re8 14. Qc2 Nfe4 15. Bxe7 Qxe7 16. Nf4 Rad8 17. Rfd1 Qg5 18. Nb5 a6 19. Nd4 g6 20. b4 Ne6 21. Nfxe6 fxe6 22. Qc7 Bc8 23. Nf3 Qf6 24. Qxb6 Rf8 25. Rd4 Ng5 26. Rf4 Nxf3+ 27. Rxf3 Qb2 28. Rxf8+ Rxf8 29. Rf1 Bd7 30. Qd6 Bc8 31. Bxg6 Qxa2 32. Qe7 1-0

[Event "Rio de Janeiro Duchamp op 4th"]
[Site "Rio de Janeiro"]
[Date "2022.12.08"]
[Round "2"]
[White "Araujo, Barbara Ribeiro"]
[Black "Nunes, Agatha Hurba"]
[Result "0-1"]
[WhiteElo "1533"]
[BlackElo "1820"]
[PlyCount "130"]
[EventDate "2022.12.07"]
[EventType "swiss"]
[EventRounds "9"]
[EventCountry "BRA"]
[SourceTitle "CBM 211 Extra"]
[Source "ChessBase"]
[SourceDate "2023.01.31"]
[SourceVersion "1"]
[SourceVersionDate "2023.01.31"]
[SourceQuality "1"]

1. c4 e6 2. g3 d5 3. Bg2 Nf6 4. d4 Be7 5. Nf3 0-0 6. Qc2 c6 7. 0-0 b6 8. Nbd2 Nbd7 9. e4 dxe4 10. Nxe4 Nxe4 11. Qxe4 Ba6 12. Qc2 Rc8 13. Rd1 Bb7 14. Bf4 Nf6 15. Rac1 Bd6 16. Bxd6 Qxd6 17. Rd3 c5 18. dxc5 Qxc5 19. Rc3 Qh5 20. h3 Qc5 21. Re3 b5 22. b3 Qc7 23. c5 b4 24. a3 a5 25. axb4 axb4 26. Ng5 Bxg2 27. Kxg2 h6 28. Nf3 Qc6 29. Kh2 Nd5 30. Ne5 Qc7 31. Ree1 Rfd8 32. Nd3 Qb8 33. Re4 Qb5 34. Qc4 Qxc4 35. Rexc4 Rb8 36. c6 Rdc8 37. Nf4 Nc3 38. Nd3 Nd5 39. Nf4 Ne7 40. Nd3 Nd5 41. Nf4 Nxf4 42. Rxf4 Rb6 43. Rcc4 Kf8 44. Rfd4 e5 45. Re4 f6 46. Kg2 Ke7 47. f4 Kd6 48. fxe5+ fxe5 49. Rxb4 Rcxc6 50. Rxb6 Rxb6 51. Re3 Kd5 52. Kf2 e4 53. h4 h5 54. Rc3 Kd4 55. Rc7 g6 56. Rc4+ Kd3 57. Rc1 Rxb3 58. Rd1+ Kc2 59. Rd6 Rf3+ 60. Kg2 Rf5 61. Kh3 e3 62. Rxg6 e2 63. Rc6+ Kd2 64. Rd6+ Ke3 65. g4 Re5 0-1

[Event "Caxambu Casa do Xadrez op"]
[Site "Caxambu"]
[Date "2022.07.23"]
[Round "4"]
[White "Nunes, Agatha Hurba"]
[Black "Lora, Miguel Said Brasil"]
[Result "1-0"]
[WhiteElo "1815"]
[BlackElo "1286"]
[PlyCount "41"]
[EventDate "2022.07.22"]
[EventType "swiss"]
[EventRounds "6"]
[EventCountry "BRA"]
[SourceTitle "CBM 209 Extra"]
[Source "ChessBase"]
[SourceDate "2022.09.30"]
[SourceVersion "1"]
[SourceVersionDate "2022.09.30"]
[SourceQuality "1"]

1. d4 d5 2. c4 c6 3. Nf3 Bf5 4. e3 Nf6 5. b3 a6 6. Bd3 Bxd3 7. Qxd3 e6 8. 0-0 Be7 9. a4 0-0 10. Nc3 c5 11. dxc5 Bxc5 12. cxd5 Bb4 13. Bb2 Bxc3 14. Qxc3 Qxd5 15. Rad1 Qc6 16. Qe5 Qb6 17. Qg5 Ne8 18. Ba3 f6 19. Qc5 Qxc5 20. Bxc5 Rf7 21. Rd8 1-0